Motorové vozíky. STN 26 8817. ISO 5766 : Paletové stohovacie vozíky a vysokozdvižné plošinové vozíky. Skúšky stability. Marec 1998
Uložené v:
| Médium: | Kniha |
|---|---|
| Jazyk: | Slovak |
| Vydavateľské údaje: |
Bratislava :
Úrad pre normalizáciu, metrológiu a skúšobníctvo SR,
1998
|
| Tagy: |
Žiadne tagy, Buďte prvý, kto otaguje tento záznam!
|
MARC
| LEADER | 00000nam a22000003a 4500 | ||
|---|---|---|---|
| 001 | stu224689 | ||
| 005 | 20150408164419.7 | ||
| 008 | 110429s1998----xo------------------slo-d | ||
| 040 | |a STU |b slo | ||
| 041 | 0 | |a slo | |
| 044 | |a xo | ||
| 245 | |a Motorové vozíky. STN 26 8817. ISO 5766 : |b Paletové stohovacie vozíky a vysokozdvižné plošinové vozíky. Skúšky stability. Marec 1998 | ||
| 260 | |a Bratislava : |b Úrad pre normalizáciu, metrológiu a skúšobníctvo SR, |c 1998 | ||
| 300 | |a 16 s | ||
| 996 | |b 284M082060 |c M*N-1430 |l MMKN |s A |a 24 |w stu224689_0001 | ||